000
00286nam a22001337a 4500
003
OSt
005
20160727222347.0
008
160621b xxu||||| |||| 00| 0 eng d
040
_c
test
245
_a
I am the people
260
_b
NCERT
_c
1984
300
_a
I am the people
942
_2
ddc
_c
BK
999
_c
220
_d
220